000
00343 a2200157 4500
001
71021
020
_a
8530501993
040
_c
Anchieta - Itaigara
100
_a
Rocha, Ruth
240
1
0
_a
O reizinho mandão
_l
por
245
1
0
_a
O reizinho mandão
300
_a
39p.
362
0
_a
1997
650
4
_a
Literatura infanto-juvenil
942
_c
BK
999
_c
71021
_d
71021